000 01046nam a2200229Ia 4500
001 2634
005 20260417165755.0
008 260306t2017||||xx |||||||||||||| ||spa||
041 _aESP
082 _a618.928
_bA66
100 _aArango-Lasprilla, Juan Carlos
_eAUT
245 0 _aNeuropsicología infantil
260 _c2017
300 _a351 páginas :
_c23 cm.
650 _aGEN
654 _aCPS
856 _uhttps://itmsp.museknowledge.com/UCSP?url=https://www.ebooks7-24.com:443/?il=3460&pg=1
_zVéase además: Neuropsicología infantil, por Margaret Semrud-Clikeman. Versión digital
856 _uhttps://0u213wwzy-y-https-ebooks7--24-com.itmsp.museknowledge.com/biblioteca.aspx
_zVéase además: Base de datos Ebook7-24
856 _uhttps://0u20fwx04-y-https-research-ebsco-com.itmsp.museknowledge.com/c/qxo6us/search
_zVéase además: Base de datos EBSCOhost
856 _uhttps://0u23fwx0g-y-https-www-clinicalkey-com.itmsp.museknowledge.com/student/login
_zVéase además: Base de datos ClinicalKey
942 _cLIB
_dJUS
_fJUS
_2ddc
999 _c2634
_d2634